[Event "Titled Tuesday intern op 31st Oct Early"]
[Site "Chess.com INT"]
[Date "2023.10.31"]
[Round "6"]
[White "Dao, Minh Khanh"]
[Black "Mekhitarian, Krikor Sevag"]
[Result "1-0"]
[WhiteElo "1461"]
[BlackElo "2559"]
[PlyCount "121"]
[EventDate "2023.10.31"]
[EventType "swiss (blitz)"]
[EventRounds "11"]
[EventCountry "USA"]
[SourceTitle "EXT 2025"]
[Source "ChessBase"]
[SourceDate "2024.10.14"]
[SourceVersion "1"]
[SourceVersionDate "2024.10.14"]
[SourceQuality "1"]

1. d4 Nf6 2. Bf4 g6 3. e3 Bg7 4. Nf3 c5 5. h3 0-0 6. c3 d6 7. Be2 Qb6 8. Qb3 Be6 9. Qxb6 axb6 10. a3 Bd7 11. 0-0 cxd4 12. exd4 b5 13. Nbd2 Na6 14. Rfe1 Nc7 15. Bd3 Rfe8 16. Re2 Nfd5 17. Bh2 Ne6 18. Ree1 Bc6 19. Rad1 Nb6 20. Bc2 Nc7 21. Bb3 Bd5 22. Ng5 Bxb3 23. Nxb3 Nc4 24. Re2 Nd5 25. Nf3 Ndb6 26. Bf4 h6 27. Bc1 g5 28. d5 Rac8 29. Nbd4 Nxd5 30. Nxb5 Ndb6 31. b3 Na5 32. Be3 Nd7 33. Nfd4 d5 34. Nf5 e6 35. Nxg7 Kxg7 36. Nd6 Nxb3 37. Nxe8+ Rxe8 38. c4 Nf6 39. cxd5 Nxd5 40. Rb2 Na5 41. Rb5 Ra8 42. Bd4+ Kg6 43. Rc1 Nc6 44. Bb2 Ra7 45. g3 h5 46. Kg2 g4 47. hxg4 hxg4 48. Rd1 b6 49. Rh1 Na5 50. Rh8 f5 51. Rg8+ Kh7 52. Rh8+ Kg6 53. Bc1 Nc4 54. Rh6+ Kg7 55. Rxe6 Rd7 56. a4 Kf7 57. Rh6 Kg7 58. Rc6 Ne5 59. Bb2 Ne3+ 60. fxe3 Rd2+ 61. Kf1 1-0

[Event "Titled Tuesday intern op 31st Oct Early"]
[Site "Chess.com INT"]
[Date "2023.10.31"]
[Round "1"]
[White "Lee, Jun Hyeok"]
[Black "Dao, Minh Khanh"]
[Result "0-1"]
[WhiteElo "2375"]
[BlackElo "1461"]
[PlyCount "118"]
[EventDate "2023.10.31"]
[EventType "swiss (blitz)"]
[EventRounds "11"]
[EventCountry "USA"]
[SourceTitle "EXT 2025"]
[Source "ChessBase"]
[SourceDate "2024.10.14"]
[SourceVersion "1"]
[SourceVersionDate "2024.10.14"]
[SourceQuality "1"]

1. d4 Nf6 2. c4 g6 3. Nc3 d5 4. cxd5 Nxd5 5. e4 Nxc3 6. bxc3 Bg7 7. Bc4 c5 8. Ne2 0-0 9. Be3 cxd4 10. cxd4 Qa5+ 11. Bd2 Qh5 12. 0-0 Nc6 13. Be3 Rd8 14. Rc1 e6 15. Qd2 Qa5 16. Qxa5 Nxa5 17. Bd3 b6 18. Rc7 Bb7 19. Rfc1 Rac8 20. f3 Bf8 21. Kf2 Bd6 22. Rxc8 Rxc8 23. Rxc8+ Bxc8 24. e5 Be7 25. Nc3 Bd7 26. d5 Bb4 27. Ne4 Kg7 28. d6 Ba4 29. Nf6 Bxd6 30. Nh5+ gxh5 31. exd6 f6 32. f4 Bd7 33. h3 Nb7 34. f5 e5 35. g4 hxg4 36. hxg4 Nxd6 37. Kg3 h5 38. Kh4 hxg4 39. Kxg4 e4 40. Bc2 Bxf5+ 41. Kf4 Be6 42. Bxe4 Bxa2 43. Bc6 Kf7 44. Bd4 Ke7 45. Bc3 Be6 46. Bb4 a5 47. Ba3 Bc4 48. Ba4 b5 49. Bc2 b4 50. Bb2 Nb5 51. Kf5 b3 52. Bxf6+ Kd6 53. Be5+ Kc5 54. Bb1 a4 55. Ke4 a3 56. Ke3 a2 57. Bh7 Bd5 58. Kd2 Kb4 59. Kc1 Na3 0-1